[Event "Cuiaba Mato Grosso-ch"]
[Site "Cuiaba"]
[Date "2019.12.07"]
[Round "2"]
[White "Queiroz Filho, Joao Dantas"]
[Black "Monteiro, Artur Fernando"]
[Result "0-1"]
[WhiteElo "1376"]
[BlackElo "2022"]
[PlyCount "114"]
[EventDate "2019.12.06"]
[EventType "swiss"]
[EventRounds "6"]
[EventCountry "BRA"]
[SourceTitle "CBM 193 Extra"]
[Source "ChessBase"]
[SourceDate "2020.01.31"]
[SourceVersion "1"]
[SourceVersionDate "2020.01.31"]
[SourceQuality "1"]

1. e4 e5 2. Nf3 Nc6 3. Nc3 Nf6 4. d4 exd4 5. Nxd4 Bb4 6. Nxc6 bxc6 7. Bd3 d5 8. exd5 cxd5 9. Bd2 0-0 10. 0-0 Bg4 11. Be2 Bf5 12. a3 Bd6 13. Bg5 c6 14. h3 h6 15. Bh4 Rb8 16. Rb1 d4 17. Na2 c5 18. Bd3 Be6 19. c4 Re8 20. Bg3 Qc7 21. Bxd6 Qxd6 22. b4 a6 23. b5 Nd7 24. a4 Ne5 25. Nc1 Nxc4 26. Nb3 Na3 27. Ra1 c4 28. Nxd4 cxd3 29. Nxe6 Rxe6 30. Qb3 Nc2 31. Rad1 Rd8 32. Rd2 Qb4 33. Rxd3 Rxd3 34. Qxd3 Qxa4 35. Rc1 Re1+ 36. Rxe1 Nxe1 37. Qe2 Nc2 38. b6 Nb4 39. b7 Nc6 40. Qe8+ Kh7 41. Qxc6 Qxc6 42. b8Q a5 43. Qf4 Qd7 44. Qe4+ g6 45. Qf3 Qe6 46. Qa3 Qc4 47. Qa1 a4 48. Qa3 Qb3 49. Qe7 a3 50. Qa7 a2 51. Kh2 g5 52. f3 Qe6 53. Kg3 Qe5+ 54. Kf2 a1Q 55. Qxf7+ Qg7 56. Qf5+ Qg6 57. Qd7+ Qgg7 0-1

[Event "Caioba Telecom op"]
[Site "Caioba"]
[Date "2016.08.28"]
[Round "6"]
[White "Monteiro, Artur Fernando"]
[Black "Dias, Joao Batista de Sou"]
[Result "1-0"]
[WhiteElo "2017"]
[BlackElo "1896"]
[PlyCount "81"]
[EventDate "2016.08.26"]
[EventType "swiss"]
[EventRounds "6"]
[EventCountry "BRA"]
[SourceTitle "CBM 174 Extra"]
[Source "ChessBase"]
[SourceDate "2016.10.10"]
[SourceVersion "1"]
[SourceVersionDate "2016.10.10"]
[SourceQuality "1"]

1. e4 e5 2. d4 exd4 3. Nf3 g6 4. Qxd4 Qf6 5. e5 Qb6 6. Qf4 Bg7 7. Bc4 Nh6 8. Nc3 c6 9. Be3 Qxb2 10. Kd2 d5 11. Bc5 Nd7 12. Rab1 Qxb1 13. Rxb1 Nxc5 14. Bd3 0-0 15. h3 f6 16. exf6 Rxf6 17. Qc7 Ne6 18. Qe7 Rf7 19. Qh4 Nf5 20. Bxf5 Rxf5 21. Re1 Bf6 22. Qb4 Kf7 23. Ne2 c5 24. Qb5 a6 25. Qb6 Bd8 26. Qb1 Ba5+ 27. c3 b5 28. Ng3 Rf6 29. Ne5+ Kg7 30. Ng4 Rf4 31. Rxe6 Bxe6 32. Qe1 Bxg4 33. Qe5+ Rf6 34. hxg4 h6 35. f4 d4 36. g5 hxg5 37. fxg5 dxc3+ 38. Kc2 Ra7 39. gxf6+ Kf7 40. Ne4 Rd7 41. Ng5+ 1-0

[Event "American Continental 11th"]
[Site "Montevideo"]
[Date "2015.05.18"]
[Round "5"]
[White "Chemin, Justo Reinaldo"]
[Black "Monteiro, Artur Fernando"]
[Result "0-1"]
[WhiteElo "2135"]
[BlackElo "1972"]
[PlyCount "144"]
[EventDate "2015.05.15"]
[EventType "swiss"]
[EventRounds "11"]
[EventCountry "URU"]
[SourceTitle "CBM 167"]
[Source "ChessBase"]
[SourceDate "2015.07.13"]
[SourceVersion "1"]
[SourceVersionDate "2015.07.13"]
[SourceQuality "1"]

1. d4 Nf6 2. c4 e5 3. dxe5 Ng4 4. Nf3 Bc5 5. e3 Nc6 6. Nc3 0-0 7. Be2 Ngxe5 8. 0-0 Nxf3+ 9. Bxf3 Ne5 10. Na4 Nxf3+ 11. Qxf3 Be7 12. b3 f5 13. Nc3 Bf6 14. Bd2 c6 15. Rad1 d6 16. Ne2 Be5 17. Bc3 Qf6 18. Rd3 Be6 19. Rxd6 Bxc3 20. Nxc3 Qxc3 21. Rxe6 Rf7 22. Qd1 Qb2 23. a4 Raf8 24. Rd6 f4 25. exf4 Rxf4 26. Rd2 Qc3 27. Qc2 Qxc2 28. Rxc2 Rd8 29. h3 c5 30. Re1 Kf7 31. Re3 Rd7 32. g3 Rfd4 33. Kg2 Rd3 34. Rc3 Rxc3 35. Rxc3 Rd1 36. Re3 Rb1 37. h4 b6 38. Kf3 Rb2 39. g4 Kf6 40. Kg3 h6 41. h5 Kf7 42. f3 Kf6 43. Kf4 Rb1 44. Rd3 Rb2 45. Ke4 Ke6 46. Kf4 Kf6 47. Re3 Rb1 48. Kg3 Rb2 49. Rd3 Ke6 50. f4 Kf6 51. Kf3 Rb1 52. Re3 Rd1 53. f5 Rd4 54. Re6+ Kf7 55. a5 bxa5 56. Ra6 Rd3+ 57. Ke4 Rxb3 58. Rxa7+ Kf6 59. Ra6+ Kf7 60. Rxa5 Rb1 61. Rxc5 Rg1 62. Rc7+ Kf8 63. c5 Rxg4+ 64. Ke5 Rh4 65. c6 Rh1 66. Ra7 Re1+ 67. Kd6 Rd1+ 68. Ke6 Re1+ 69. Kd7 Re7+ 70. Kd6 Rxa7 71. c7 Rxc7 72. Kxc7 Ke7 0-1

[Event "Maringa op 4th"]
[Site "Maringa"]
[Date "2014.08.23"]
[Round "7"]
[White "Monteiro, Artur Fernando"]
[Black "Penteado, Lucas"]
[Result "1/2-1/2"]
[WhiteElo "1990"]
[BlackElo "1795"]
[PlyCount "44"]
[EventDate "2014.08.20"]
[EventType "swiss"]
[EventRounds "9"]
[EventCountry "BRA"]
[SourceTitle "EXT 2015"]
[Source "ChessBase"]
[SourceDate "2014.11.20"]
[SourceVersion "1"]
[SourceVersionDate "2014.11.20"]
[SourceQuality "1"]

1. e4 e5 2. d4 exd4 3. Nf3 Nc6 4. c3 dxc3 5. Nxc3 d6 6. Bc4 Be7 7. Qb3 Na5 8. Bxf7+ Kf8 9. Qa4 c6 10. Bxg8 Kxg8 11. b4 Nc4 12. Qb3 Be6 13. 0-0 h6 14. Bf4 Bf7 15. Qc2 Kh7 16. Qd3 Rf8 17. Nd5 Nb2 18. Qc2 cxd5 19. Qxb2 dxe4 20. Nd4 Bf6 21. Rad1 Bh5 22. Qb1 Qe8 1/2-1/2

[Event "Maringa op 4th"]
[Site "Maringa"]
[Date "2014.08.22"]
[Round "5"]
[White "Monteiro, Artur Fernando"]
[Black "Melo, Sergio Roberto Samp"]
[Result "1/2-1/2"]
[WhiteElo "1990"]
[BlackElo "1790"]
[PlyCount "43"]
[EventDate "2014.08.20"]
[EventType "swiss"]
[EventRounds "9"]
[EventCountry "BRA"]
[SourceTitle "EXT 2015"]
[Source "ChessBase"]
[SourceDate "2014.11.20"]
[SourceVersion "1"]
[SourceVersionDate "2014.11.20"]
[SourceQuality "1"]

1. e4 e6 2. d4 d5 3. e5 c5 4. c3 Qb6 5. Nf3 Bd7 6. Be2 cxd4 7. cxd4 Bb4+ 8. Nc3 Bb5 9. 0-0 Bxe2 10. Qxe2 Bxc3 11. bxc3 Ne7 12. Ba3 Nbc6 13. Rfb1 Qc7 14. Qb5 b6 15. Bd6 Qd7 16. a4 Na5 17. Qd3 h6 18. Nh4 Nc4 19. Ba3 0-0 20. f4 Rfc8 21. g4 f6 22. Kh1 1/2-1/2

[Event "Foz do Iguacu op 4th"]
[Site "Foz do Iguacu"]
[Date "2014.06.20"]
[Round "3"]
[White "Monteiro, Artur Fernando"]
[Black "Chang, Suzana"]
[Result "1/2-1/2"]
[WhiteElo "1993"]
[BlackElo "2008"]
[PlyCount "58"]
[EventDate "2014.06.19"]
[EventType "swiss"]
[EventRounds "7"]
[EventCountry "BRA"]
[SourceTitle "CBM 161 Extra"]
[Source "ChessBase"]
[SourceDate "2014.08.29"]
[SourceVersion "1"]
[SourceVersionDate "2014.08.29"]
[SourceQuality "1"]

1. e4 c5 2. d4 cxd4 3. c3 dxc3 4. Nxc3 e6 5. Nf3 Nc6 6. Bc4 a6 7. 0-0 Nge7 8. Bg5 h6 9. Bh4 Qa5 10. Nd5 Ng6 11. Bg3 exd5 12. exd5 Be7 13. dxc6 dxc6 14. Qd3 Bf5 15. Qb3 0-0 16. Qxb7 Qb4 17. Bxa6 Qa4 18. Be2 Bf6 19. Rfc1 Rfe8 20. Bd1 Qa6 21. Qxa6 Rxa6 22. Bc2 Be6 23. Bd3 Rb6 24. Rc2 Rxb2 25. Rxc6 Bd5 26. Rc5 Bxf3 27. gxf3 Rd2 28. Bb5 Ra8 29. Rac1 Rdxa2 1/2-1/2

[Event "Foz do Iguacu op 3rd"]
[Site "Foz do Iguacu"]
[Date "2013.05.31"]
[Round "1"]
[White "Monteiro, Artur Fernando"]
[Black "De Oliveira, Jesus Clayton"]
[Result "1-0"]
[WhiteElo "1989"]
[BlackElo "1795"]
[PlyCount "55"]
[EventDate "2013.05.31"]
[EventType "swiss"]
[EventRounds "6"]
[EventCountry "BRA"]
[SourceTitle "CBM 154 Extra"]
[Source "ChessBase"]
[SourceDate "2013.06.25"]
[SourceVersion "2"]
[SourceVersionDate "2013.06.25"]
[SourceQuality "1"]

1. e4 c6 2. d4 d5 3. f3 dxe4 4. fxe4 Nf6 5. e5 Nd5 6. Nf3 Bf5 7. Bd3 Bxd3 8. Qxd3 e6 9. 0-0 Be7 10. c4 Nb6 11. Nc3 0-0 12. a4 a5 13. Be3 Na6 14. Rad1 Nb4 15. Qe2 Rc8 16. b3 Na8 17. Qf2 Nc7 18. Ne4 h6 19. Qg3 Kh7 20. Qh3 Rh8 21. Nfg5+ Kg8 22. Nxf7 Qe8 23. Nxh8 Kxh8 24. Bxh6 gxh6 25. Qxh6+ Kg8 26. Nf6+ Bxf6 27. Rxf6 Qe7 28. Rdf1 1-0

[Event "Foz do Iguacu op 3rd"]
[Site "Foz do Iguacu"]
[Date "2013.05.31"]
[Round "2"]
[White "Peralta, Eduardo"]
[Black "Monteiro, Artur Fernando"]
[Result "1/2-1/2"]
[WhiteElo "2190"]
[BlackElo "1989"]
[PlyCount "45"]
[EventDate "2013.05.31"]
[EventType "swiss"]
[EventRounds "6"]
[EventCountry "BRA"]
[SourceTitle "CBM 154 Extra"]
[Source "ChessBase"]
[SourceDate "2013.06.25"]
[SourceVersion "2"]
[SourceVersionDate "2013.06.25"]
[SourceQuality "1"]

1. d4 Nf6 2. Nf3 c5 3. e3 d5 4. c4 cxd4 5. exd4 Nc6 6. Nc3 e6 7. Bd3 Be7 8. 0-0 0-0 9. a3 dxc4 10. Bxc4 a6 11. Bd3 b5 12. Re1 Bb7 13. Bc2 Rc8 14. Qd3 Nb8 15. Bg5 Nbd7 16. Rad1 Re8 17. Bxf6 Nxf6 18. Ng5 h6 19. Nge4 g6 20. Bb3 Nd5 21. Qh3 Nxc3 22. Nxc3 Bg5 23. Qd3 1/2-1/2

[Event "Maringa op"]
[Site "Maringa"]
[Date "2011.12.19"]
[Round "4"]
[White "Monteiro, Artur Fernando"]
[Black "Pereira, Bruno Ferreira"]
[Result "1/2-1/2"]
[WhiteElo "2033"]
[BlackElo "1810"]
[PlyCount "34"]
[EventDate "2011.12.17"]
[EventType "swiss"]
[EventRounds "9"]
[EventCountry "BRA"]
[SourceTitle "CBM 146 Extra"]
[Source "ChessBase"]
[SourceDate "2012.02.29"]
[SourceVersion "1"]
[SourceVersionDate "2012.02.29"]
[SourceQuality "1"]

1. e4 c6 2. d4 d5 3. f3 Nd7 4. Nc3 e6 5. Bf4 Bb4 6. a3 Bxc3+ 7. bxc3 Nb6 8. a4 a5 9. Bd3 Ne7 10. Ne2 0-0 11. 0-0 Re8 12. Qe1 Ng6 13. Bg3 Nc4 14. Nf4 Nxf4 15. Bxf4 e5 16. Bxc4 exf4 17. Bd3 Qg5 1/2-1/2

[Event "Maringa op"]
[Site "Maringa"]
[Date "2011.12.19"]
[Round "5"]
[White "Nakagawa, Gabriel Yudi"]
[Black "Monteiro, Artur Fernando"]
[Result "1-0"]
[WhiteElo "1728"]
[BlackElo "2033"]
[PlyCount "75"]
[EventDate "2011.12.17"]
[EventType "swiss"]
[EventRounds "9"]
[EventCountry "BRA"]
[SourceTitle "CBM 146 Extra"]
[Source "ChessBase"]
[SourceDate "2012.02.29"]
[SourceVersion "1"]
[SourceVersionDate "2012.02.29"]
[SourceQuality "1"]

1. d4 Nf6 2. c4 e5 3. dxe5 Ng4 4. Nf3 Bc5 5. e3 Nc6 6. a3 a5 7. Bd2 0-0 8. h3 Ngxe5 9. Bc3 d6 10. Be2 Bf5 11. Nd4 Be4 12. Nxc6 Bxc6 13. Bf3 Nxf3+ 14. gxf3 Qh4 15. Rg1 f6 16. Rg4 Qxh3 17. Nd2 h5 18. Rg3 Qh2 19. Ke2 Rae8 20. Nf1 Qh1 21. e4 Bxe4 22. fxe4 Qxe4+ 23. Ne3 h4 24. Rf3 Qxc4+ 25. Qd3 Qg4 26. Qd5+ Kh8 27. Kd2 Bxe3+ 28. fxe3 Qg2+ 29. Kd3 Rxe3+ 30. Kxe3 Re8+ 31. Kf4 Qh2+ 32. Kf5 Kh7 33. Qd3 g6+ 34. Kxf6 Rf8+ 35. Ke7 Rg8 36. Rf7+ Kh6 37. Bd2+ Kh5 38. Qf3# 1-0

[Event "Maringa op"]
[Site "Maringa"]
[Date "2011.12.18"]
[Round "3"]
[White "Barbosa, Jefferson Lucas Mun"]
[Black "Monteiro, Artur Fernando"]
[Result "1/2-1/2"]
[WhiteElo "1786"]
[BlackElo "2033"]
[PlyCount "24"]
[EventDate "2011.12.17"]
[EventType "swiss"]
[EventRounds "9"]
[EventCountry "BRA"]
[SourceTitle "CBM 146 Extra"]
[Source "ChessBase"]
[SourceDate "2012.02.29"]
[SourceVersion "1"]
[SourceVersionDate "2012.02.29"]
[SourceQuality "1"]

1. e4 c5 2. Nf3 d6 3. d4 cxd4 4. Nxd4 Nf6 5. Nc3 g6 6. h3 Bg7 7. g4 0-0 8. Bg2 Nc6 9. Nde2 Be6 10. 0-0 Rc8 11. Be3 Ne5 12. Bd4 Qa5 1/2-1/2

[Event "Maringa op"]
[Site "Maringa"]
[Date "2011.07.01"]
[Round "2"]
[White "Disconzi da Silva, Rodrigo"]
[Black "Monteiro, Artur Fernando"]
[Result "1-0"]
[WhiteElo "2372"]
[BlackElo "2039"]
[PlyCount "83"]
[EventDate "2011.06.30"]
[EventType "swiss"]
[EventRounds "7"]
[EventCountry "BRA"]
[SourceTitle "EXT 2014"]
[Source "ChessBase"]
[SourceDate "2013.11.20"]
[SourceVersion "1"]
[SourceVersionDate "2013.11.20"]
[SourceQuality "1"]

1. d4 Nf6 2. c4 e5 3. dxe5 Ng4 4. e3 Nxe5 5. Nh3 Nbc6 6. Nf4 Bb4+ 7. Bd2 Bxd2+ 8. Qxd2 d6 9. Be2 0-0 10. Nc3 Re8 11. 0-0 Be6 12. Nxe6 Rxe6 13. f4 Nd7 14. Bf3 f5 15. Bd5 Qf6 16. Bxe6+ Qxe6 17. Qd5 Qxd5 18. Nxd5 Rc8 19. Rfd1 Kf7 20. Rac1 Nc5 21. b4 Ne4 22. a3 Ne7 23. Nc3 Nxc3 24. Rxc3 Re8 25. h3 h5 26. Rd4 h4 27. b5 b6 28. e4 fxe4 29. Rxe4 Nf5 30. Rxe8 Kxe8 31. Kf2 Ke7 32. Kf3 Kf6 33. Rc1 g6 34. Re1 Nd4+ 35. Ke4 c5 36. bxc6 Nxc6 37. Kd5 Na5 38. Re6+ Kf5 39. Rxd6 Nb3 40. Kc6 Na5+ 41. Kb5 a6+ 42. Kb4 1-0

[Event "Parana-ch"]
[Site "Campo Mourao"]
[Date "2011.01.26"]
[Round "3"]
[White "Monteiro, Artur Fernando"]
[Black "Egoroff, Jomar"]
[Result "0-1"]
[WhiteElo "2052"]
[BlackElo "2261"]
[PlyCount "76"]
[EventDate "2011.01.25"]
[EventType "swiss"]
[EventRounds "9"]
[EventCountry "BRA"]
[SourceTitle "CBM 140 Extra"]
[Source "ChessBase"]
[SourceDate "2011.03.01"]
[SourceVersion "1"]
[SourceVersionDate "2011.03.01"]
[SourceQuality "1"]

1. d4 d5 2. Nf3 Nf6 3. c4 e6 4. Nc3 Be7 5. Bg5 0-0 6. e3 Nbd7 7. cxd5 exd5 8. Bd3 Re8 9. 0-0 Nf8 10. Qc2 c6 11. Rab1 Ne4 12. Bxe7 Qxe7 13. b4 a6 14. a4 Bf5 15. b5 axb5 16. axb5 Ra3 17. Bxe4 dxe4 18. Ne5 Qg5 19. Nxe4 Qh4 20. Qc4 Rxe5 21. dxe5 Qxe4 22. Qxe4 Bxe4 23. Rb4 Bd3 24. bxc6 Bxf1 25. cxb7 Ra1 26. f4 Ba6+ 27. Kf2 Rf1+ 28. Kg3 Bxb7 29. Rxb7 g6 30. h4 h5 31. Rb2 Nd7 32. Rf2 Rh1 33. Re2 Nc5 34. e4 Rf1 35. Re3 Kg7 36. Re2 Nd3 37. Re3 Nxf4 38. Rf3 Ne2+ 0-1